Statistics for Increasing Population US State Chain Southward

Click here to take the quiz!

General Stats

  • This quiz has been taken 15 times
  • The average score is 4 of 6

Answer Stats

State% Correct
71d 23' 15" NAlaska
100%
49.22d NMinnesota
82%
49d NWashington
64%
42d NCalifornia
45%
48d 18' 21" NMichigan
45%
45.01d NNew York
36%

Score Distribution

Percentile by Number Answered

Percent of People with Each Score

Your Score History

You have not taken this quiz